| 000 | 01103nam a22002657a 4500 | ||
|---|---|---|---|
| 001 | BD-DhSAU 9278 | ||
| 003 | BD-DhSAU | ||
| 005 | 20260512151212.0 | ||
| 008 | 260512b2018 bg a|||| m||| 00| 0 eng d | ||
| 040 | _aBD-DhSAU | ||
| 082 |
_222 _a631.4 _bJ872 |
||
| 100 |
_aMASUM, MD. JUBAIR AL _eRegistration # 22010002 |
||
| 245 |
_aEffect of vermicompost and npk fertilizer on soil fertility, growth and yield of bari cabbage-1 (brassica oleracea var. capitata) / _bMS thesis |
||
| 260 |
_aSher-e-Bangla Agricultural University; _bDepartment of Soil Science, ; _c2024. |
||
| 300 |
_aviii, 61p. : _bill. ; _c30 cm. |
||
| 500 | _aMS thesis of Department of Soil Science, ;, Faculty of Agriculture. Sher-e-Balgla Agricultural University Dhaka-1207 | ||
| 504 | _aIncludes bibliographical reference. | ||
| 590 | _aNazmul | ||
| 650 | _avermicompost and npk fertilizer on soil | ||
| 650 | _abari cabbage-1 (brassica oleracea var. capitata) | ||
| 700 |
_aProf. Dr. Mohammad Saiful Islam Bhuiyan _eSuperviser |
||
| 710 |
_eCo-Superviser _aProf. Mst. Afrose Jahan |
||
| 942 |
_2ddc _cTHESIS |
||
| 999 |
_c18392 _d18391 |
||